00951cam a2200265 a 4500003000400000005001700004008004100021010001700062020001800079020001500097040001800112050002600130100002400156245016000180260003900340300002900379521000700408526000800415650003200423650002200455650002100477650002200498856009000520856007500610OSt20140310184503.0030203s2003 nyua j 000 1 eng  a 2003001875 a9780439376105 a0439376106 aDLCcDLCdDLC00aPZ 7b.P63123Car 20031 aPilkey, Dav,d1966-10aCaptain Underpants and the big, bad battle of the Bionic Booger Boy, part 1 :bthe night of the nasty nostril nuggets : the sixth epic novel /cDav Pilkey. aNew York :bBlue Sky Press,c2003. a173 p. :bill. ;c22 cm. aG6 c840 1aSchool principalsvFiction. 1aSchoolsvFiction. 1aHeroesvFiction. 1aHumorous stories.423Publisher descriptionuhttp://www.loc.gov/catdir/description/schol051/2003001875.html413Table of contentsuhttp://www.loc.gov/catdir/toc/fy045/2003001875.html